000
002680000a22000970004500
100
1
_a
Wright, David F.
245
1
0
_a
Evangelism, church and theology
300
_a
Vol. 8, Num. 2 (1990), Páginas 73-75
773
0
_t
Scottish Bulletin of Evangelical Theology
942
_c
ANA
999
_c
55678
_d
55678